Com vaig aprendre a conduir / (Record no. 137394)

MARC details
000 -CABECERA
campo de control de longitud fija 02089nam a2200385 i 4500
001 - NÚMERO DE CONTROL
campo de control 991061739560706706
003 - IDENTIFICADOR DEL NÚMERO DE CONTROL
campo de control ES-BaIT
005 - FECHA Y HORA DE LA ÚLTIMA TRANSACCIÓN
campo de control 20260423123441.0
008 - DATOS DE LONGITUD FIJA--INFORMACIÓN GENERAL
campo de control de longitud fija 260407e202601 spc 000 d cat|c
017 ## - NÚMERO DE COPYRIGHT O DE DEPÓSITO LEGAL
Número de copyright o de depósito legal DL B 22916-2025
Agencia que asigna Biblioteca de Catalunya
020 ## - NÚMERO INTERNACIONAL ESTÁNDAR DEL LIBRO
Número Internacional Estándar del Libro 9788412802078
040 ## - FUENTE DE LA CATALOGACIÓN
Centro catalogador/agencia de origen ES-BaIT
Lengua de catalogación cat
Normas de descripción rda
Centro/agencia transcriptor ES-BaIT
041 1# - CÓDIGO DE LENGUA
Código de lengua del texto/banda sonora o título independiente cat
Código de lengua original eng
080 ## - NÚMERO DE LA CLASIFICACIÓN DECIMAL UNIVERSAL
Número de la Clasificación Decimal Universal 821.111-2
Subdivisión auxiliar común "20"
Identificador de la edición 2004
080 ## - NÚMERO DE LA CLASIFICACIÓN DECIMAL UNIVERSAL
Número de la Clasificación Decimal Universal 820(73)"20"
100 1# - ENTRADA PRINCIPAL--NOMBRE DE PERSONA
Nombre de persona Voguel, Paula
Término indicativo de función/relación autor
9 (RLIN) 169288
240 1# - TÍTULO UNIFORME
Título uniforme How I learned to drive.
Lenguaje de la obra Català
9 (RLIN) 169289
245 10 - MENCIÓN DE TÍTULO
Título Com vaig aprendre a conduir /
Mención de responsabilidad, etc. Paula Voguel ; traducció d'Helena Tornero Brugués ; pròleg de Martí Romaní i Picas
250 ## - MENCIÓN DE EDICIÓN
Mención de edición Primera edició
264 #1 - PRODUCCIÓN, PUBLICACIÓN, DISTRIBUCIÓN, FABRICACIÓN Y COPYRIGHT
Producción, publicación, distribución, fabricación y copyright Barcelona :
Nombre del de productor, editor, distribuidor, fabricante Editorial Prole :
-- Sala Beckett,
Fecha de producción, publicación, distribución, fabricación o copyright gener del 2026
300 ## - DESCRIPCIÓN FÍSICA
Extensión 109 pàgines ;
Dimensiones 21 cm
336 ## - TIPO DE CONTENIDO
Término de tipo de contenido text
Código de tipo de contenido txt
Fuente rdacontent
337 ## - TIPO DE MEDIO
Nombre/término del tipo de medio sense mediació
Código del tipo de medio n
Fuente rdamedia
338 ## - TIPO DE SOPORTE
Nombre/término del tipo de soporte volum
Código del tipo de soporte nc
Fuente rdacarrier
490 1# - MENCIÓN DE SERIE
Mención de serie Biblioteca Sala Beckett
500 ## - NOTA GENERAL
Nota general P2: D1, H1 i altres
520 ## - SUMARIO, ETC.
Sumario, etc. "La Coseta —malnom que es va guanyar en néixer— guarda un secret que, després d’anys de silenci, està a punt de revelar. Al llarg de l’obra, ens guiarà en un viatge emocional a través de les corbes de la memòria: al seient d’un cotxe, al menjador de casa o als passadissos de l’institut, per tot arreu on la seva educació afectiva i sexual es va anar construint, deformada per la visió misògina i sexualitzada del seu entorn.Amb una estructura fragmentada i esquitxada d’humor i cançons, Com vaig aprendre a conduir de Paula Vogel reconstrueix els moments clau de la complexa relació de la protagonista amb el seu oncle Peck, en la qual es va teixint la teranyina subtil i perversa de l’abús disfressat d’afecte." -- Contracoberta
650 #0 - PUNTO DE ACCESO ADICIONAL DE MATERIA--TÉRMINO DE MATERIA
Término de materia o nombre geográfico como elemento de entrada Abús sexual envers els infants
Subdivisión de forma Textos dramàtics
9 (RLIN) 165586
700 1# - ENTRADA AGREGADA--NOMBRE PERSONAL
Nombre de persona Tornero, Helena,
Fechas asociadas al nombre 1973-
Término indicativo de función/relación traductor
9 (RLIN) 49331
700 1# - ENTRADA AGREGADA--NOMBRE PERSONAL
Nombre de persona Romaní i Picas, Martí
Término indicativo de función/relación escriptor d'un pròleg
9 (RLIN) 169290
830 #0 - PUNTO DE ACCESO ADICIONAL DE SERIE-TÍTULO UNIFORME
Título uniforme Biblioteca Sala Beckett
9 (RLIN) 145892
908 ## - COLOCAR PARÁMETRO DE COMANDO (RLIN)
Colocar parámetro de comando CDMAE
940 ## - EQUIVALENCIA O REFERENCIA-CRUZADA--TÍTULO UNIFORME [OBSOLETO] [solamente CAN/MARC]
Título uniforme <a href="CVA7">CVA7</a>
942 ## - ELEMENTOS DE ENTRADA AGREGADA (KOHA)
Fuente del sistema de clasificación o colocación Clasificación decimal universal
Tipo de ítem Koha Llibre
Holdings
Estado de retiro Estado de pérdida Fuente del sistema de clasificación o colocación Estado dañado No para préstamo Localización permanente Ubicación/localización actual Ubicación en estantería Fecha de adquisición Fuente de adquisición Total de préstamos Signatura topográfica completa Código de barras Fecha visto por última vez Precio válido a partir de Tipo de ítem Koha
    Clasificación decimal universal   Exclòs de préstec Biblioteca Barcelona Biblioteca Barcelona BCN Magatzem Fons N 23/04/2026 Compra   N- 1900090036 23/04/2026 23/04/2026 Llibre
    Clasificación decimal universal     Biblioteca Barcelona Biblioteca Barcelona BCN Lliure Accés 23/04/2026 Compra   820(73) VOG com 1900090037 23/04/2026 23/04/2026 Llibre
    Clasificación decimal universal     Biblioteca Vic Biblioteca Barcelona OSONA-Vic 23/04/2026 Compra   820(73) VOG com 1900090039 23/04/2026 23/04/2026 Llibre
    Clasificación decimal universal     Biblioteca Terrassa Biblioteca Terrassa VALLÈS-J.Oliver 23/04/2026 Compra   820(73) VOG com 1900090038 28/04/2026 23/04/2026 Llibre

Powered by Koha